000 00911pam a2200277 i 4500
999 _c528051
_d528051
001 3151624
003 NUST
005 20190827053739.0
008 741022s1975 nyua b 001 0 eng
010 _a 74023226
020 _a0442205201
038 _aM.Ramzan
040 _aDLC
_cDLC
_dDLC
050 0 0 _aTE151
_b.B24
082 0 0 _a625.7
_2BAK
100 1 _aBaker, Robert F.
_q(Robert Fulton),
_d1917-
_919579
245 1 0 _aHandbook of highway engineering /
_cRobert F. Baker, editor, L. G. Byrd, D. Grant Mickle, associate editors.
260 _aNew York :
_bVan Nostrand Reinhold,
_c[1975]
300 _ax, 894 p. :
_bill. ;
_c28 cm.
504 _aIncludes bibliographies and index.
650 0 _aHighway engineering
_xHandbooks, manuals, etc.
_919580
700 1 _aByrd, L. G.
_919581
700 1 _aMickle, D. Grant.
_919582
906 _a7
_bcbc
_corignew
_d1
_eocip
_f19
_gy-gencatlg
942 _2ddc
_cBK